000 01132cam a2200313 i 4500
001 3657543
003 BD-DhUL
005 20170413100832.0
008 760827s1975 nyu br i000 0 eng d
010 _a 76372240
020 _c$4.00
040 _aDLC
_cDLC
_dDLC
_dBD-DhUL
050 0 0 _aJX1977
_b.A2 ID/138/UNIDO/LIB/SER.D/16
051 _aHD9623.A1
_bU54 1975
_cCopy 2.
082 0 0 _a016
_bUNG
110 2 _aUnited Nations Industrial Development Organization.
245 1 0 _aInformation sources on the glass industry /
_cUnited Nations Industrial Development Organization.
260 _aNew York :
_bU.N.,
_c1975.
300 _axxi, 64 p. ;
_c21 cm.
490 1 _aUNIDO guides to information sources ; no. 16
490 1 _a[Document] - United Nations ; ID/138/UNIDO/LIB/SER.D/16
504 _aBibliography: p. 62-64.
650 0 _aGlass trade
_xDirectories.
650 0 _aGlass manufacture
_xDirectories.
810 2 _aUnited Nations.
_tDocument ;
_vID/138/UNIDO/LIB/SER.D/16.
830 0 _aUNIDO guides to information sources ;
_vno. 16.
906 _a7
_bcbc
_corignew
_d4
_encip
_f19
_gy-gencatlg
942 _2ddc
_cREF
999 _c179586
_d179586